Famous People from North Carolina by Picture - Statistics

General Stats
  • This quiz has been taken 43 times
  • The average score is 8 of 16
Answer Stats
Picture Hint Answer % Correct
Wilmington Michael Jordan
93%
Charlotte Steph Curry
86%
Greenville MrBeast
74%
Waxhaw Andrew Jackson
72%
Raleigh Andrew Johnson
60%
Kannapolis Dale Earnhardt
56%
Mount Airy Andy Griffith
51%
Pinehurst Vince McMahon
49%
Huntersville Luke Combs
42%
Chapel Hill James Taylor
40%
Randleman Richard Petty
37%
Charlotte Billy Graham
35%
Charlotte DaBaby
33%
North Wilkesboro Zach Galifianakis
33%
Winston-Salem Maya Angelou
30%
Hamlet John Coltrane
14%
No matching quizzes found
Score Distribution
Percent of People with Each Score
Percentile by Number Answered
Your Score History
You have not taken this quiz